000 00577nam a2200181Ia 4500
008 220216s9999 xx 000 0 und d
100 _aGrandillo S
245 0 _aQTL analysis of horticultural traits differentiating the cultivated tomato from the closely related species Lycopersicon pimpinellifolium
260 _bTheoretical and Applied Genetics
_c1996
300 _a935-951
650 _aDemestication
650 _aLycopersicon pimpinellifolium
650 _aMolecular marker
650 _aPlant breeding
650 _aQTL
700 _aTanksley S D
942 _cJS
999 _c66143
_d66143